| 000 | 00349 a2200109 4500 | ||
|---|---|---|---|
| 001 | ART_10997 | ||
| 005 | 20260410161849.0 | ||
| 008 | 260409a | ||
| 245 | 1 | 0 | _aUn ensayo sobre la determinación del precio de los combustibles |
| 100 | 1 | _aVisintini, Alfredo | |
| 773 | 0 |
_tEconómica _g- Año XXX, Nº 2/3 (may./dic. 1984) _wREV7541 |
|
| 999 |
_c24840 _d24840 |
||